<The> Effect of Critical Factors on the Level of IT Governance in Enterprises in Slovakia
Koncept a definícia IT governance. Identifikovanie 14 inhibítorov IT governance v podnikoch na Slovensku. Vplyv stratégie IS/IT na individuálne inhibítory IT governance - analýza výsledkov dotazníkového prieskumu.
Gespeichert in:
| 1. Verfasser: | |
|---|---|
| Weitere Verfasser: | , |
| Format: | Buchkapitel |
| Sprache: | Englisch |
| Schlagworte: | |
| Tags: |
Keine Tags, Fügen Sie das erste Tag hinzu!
|
MARC
| LEADER | 00000nla a2200000 4500 | ||
|---|---|---|---|
| 001 | 0243081 | ||
| 005 | 20240502083652.3 | ||
| 041 | 0 | |a eng | |
| 044 | |a US | ||
| 245 | 1 | 0 | |a <The> Effect of Critical Factors on the Level of IT Governance in Enterprises in Slovakia |c Anita Romanová, Vladimír Bolek, Michal Zelina |
| 520 | |a Koncept a definícia IT governance. Identifikovanie 14 inhibítorov IT governance v podnikoch na Slovensku. Vplyv stratégie IS/IT na individuálne inhibítory IT governance - analýza výsledkov dotazníkového prieskumu. | ||
| 610 | 2 | 0 | |a podnik |
| 610 | 2 | 0 | |a manažment |
| 610 | 2 | 0 | |a manažment informačný |
| 610 | 2 | 0 | |a technológie informačné |
| 610 | 2 | 0 | |a systémy informačné |
| 610 | 2 | 0 | |a Slovensko |
| 100 | 1 | |a Romanová, Anita, 1973- | |
| 700 | 1 | |a Bolek, Vladimír, 1988- | |
| 700 | 1 | |a Zelina, Michal, 1981- | |